Bienvenue à la Médiathèque de Saint-Andiol
banniere
Accueil Recherche avancée Mon compte
handi1 Rechercher dans le catalogue

Filtre   Mots-clés
  Recherche avancée
 
Lister les dernières nouveautés
 
Lister les livres GROS CARACTERES
 
Lister les périodiques (magazines)

handi1 reflets de Walpurgis (Les)

Book Cover
Auteur principal : Christophe Arleston
Autres auteurs : Audrey Alwett
Autres auteurs : Mini Ludvin
Titre : reflets de Walpurgis (Les)
Support : Livres
Langue : Francais
Publié : DL 2024 Drakoo Charnay-lès-Mâcon (Saône-et-Loire)
Series : Le grimoire d'Elfie
Genre : Bande Dessinée (enfants)
Collection : Le grimoire d'Elfie
Sujets :
Étiquettes :
Pas de tags
LEADER 01740nam0a2200241 450
001 16868373
010 |a 978-2-38233-248-1  |b rel.  |d 16,9 € 
100 |a 20260529d2026 u u0frey01 ba 
101 0 |a fre 
102 |a FR 
200 0 |a reflets de Walpurgis (Les)  |f scénario, Christophe Arleston, Audrey Alwett  |g dessins, Mini Ludvin - couleurs, Cytros Treb 
207 1 |a   
210 |a Charnay-lès-Mâcon (Saône-et-Loire)  |c Drakoo  |d DL 2024 
215 |a 1 vol. (80 p.)  |c ill. en coul.  |d 30 cm 
225 1 |a Le grimoire d'Elfie  |v 5 
330 |a Une aventure tendre et écologique qui unit dans le merveilleux les trois filles de Mélusine. Elfie a reçu une étrange invitation : elle est conviée à la grande fête de Walpurgis qui aura lieu sur une île du Marais poitevin. Aussitôt, elle convainc ses soeurs, Louette et Magda, de s'y rendre avec leur bus-librairie ! Bientôt, elles arrivent au château où sorcières et sorciers mènent chaque année d'incroyables festivités. Durant une journée, même Louette et Magda verront les merveilles de la magie ! Mais absorbée par les événements, Elfie ne réalise pas tout de suite le danger qui menace l'endroit et ceux qu'elle aime. Dragon de papier et sortilèges : il lui faudra toute l'aide possible pour faire face à la terrible situation. Heureusement, au coeur du marais il y a Mélusine, la fée protectrice, mais aussi le souvenir vivace de sa mère... 
461 0 |t Le grimoire d'Elfie  |v 5 
700 0 |a Arleston  |b Christophe  |f 1963-....  |4 70 
701 0 |a Alwett  |b Audrey  |f 1982-....  |4 70 
702 0 |a Mini Ludvin  |4 440 
900 |a Bande Dessinée (enfants) 
901 |a Jeunesse 
995 |a Médiathèque  |c Médiathèque  |f 089021933  |h 089021933  |k BD GRI  |o p  |q j  |r az  |e Médiathèque